000 00323nam a22001457a 4500
008 221107b ||||| |||| 00| 0 eng d
020 _a9781451193695
041 _aeng
080 _a610.73
082 _a610.73 JEN
100 _a8
101 _aINF
245 _aNURSING HEALTH ASSESSMENT
_cJENSEN SH
942 _2udc
_cBK
999 _c58766
_d58766